zpět

Detail výsledku týmu

KUPE, Opava

Datum a čas kvízu

26.5 Celkem bodů Celkový počet nahraných bodů na tomto kvízu bez doplňovacích otázek.
4. Pořadí na kvízu Konečné umístění týmu na tomto kvízu.

Zaznamenané odpovědi

# Otázka Odpověď Body Výsledky
1. Která česká politička se stala... Markéta Pekarová-Adamová 0
2. Parlament jednoho evropského s... Německo 0
3. Ve čtvrtek měl v českých kinec... Mizerové: Na život a na smrt 0.5
4. Nejnovější mobilní asistenční... Gemini 0
5. Jaroslav Svejkovský se stal po... Vancouver Canucks 0
6. Dostanete vždy pět indicií, k... Idiot 0
7. Irsko – Homér – Bloom – jeden... Odysseus 1
8. Nashville – Felis – žár – Puli... Kočka na rozpálené plechové střeše 0
9. Roman – okupace – Tibet – Lakm... Spalovač mrtvol 0
10. Karviná – kronika – sv. Petr... Šikmý kostel 1